000 00589nam a2200181Ia 4500
003 GCL
008 140319s9999 xx 000 0 ara d
040 _aGCL /
_cGCL
082 0 4 _a813.01
_bش ا
100 1 _aشوقى عبدالحميد يحيى
245 1 0 _aافراخ الحمام :
_bقصص قصيرة /
_cشوقى عبدالحميد يحيى
260 _aالقاهرة :
_bالمجلس الاعلى للثقافة ،
_c1998
300 _a103 ص ؛
_c12 سم
650 0 4 _aالادب العربى
650 0 4 _aالقصص القصيرة
650 0 4 _aالقصص
942 _2ddc
_cBK
999 _c598
_d598